Ideology and power in Soviet politics (Record no. 216054)

MARC details
000 -LEADER
fixed length control field 00378nam a2200145Ia 4500
008 - FIXED-LENGTH DATA ELEMENTS--GENERAL INFORMATION
fixed length control field 230917s9999||||xx |||||||||||||| ||und||
040 ## - CATALOGING SOURCE
-- 145840
Original cataloging agency VIVEKANANDA LIBRARY
041 ## - Language
-- English
082 ## - DDC NUMBER
Classification number 320.947085 B849I
100 ## - MAIN ENTRY--PERSONAL NAME
Personal name Brzinski, Zbigniew K
245 #0 - TITLE STATEMENT
Title Ideology and power in Soviet politics
260 ## - PUBLICATION, DISTRIBUTION, ETC. (IMPRINT)
Place of publication, distribution, etc new York
Name of publisher, distributor, etc Greenweed Press
Date of publication, distribution, etc 1976
300 ## - PHYSICAL DESCRIPTION
Pages 180p p.
942 ## - ADDED ENTRY ELEMENTS (KOHA)
Koha item type Books
Holdings
Withdrawn status Lost status Damaged status Not for loan Location (home branch) Sublocation or collection (holding branch) Date acquired Koha issues (times borrowed) Koha full call number Accession No. Koha date last seen Koha item type
        VIVEKANANDA LIBRARY VIVEKANANDA LIBRARY 15/03/2010   320.947085 B849I 80158 17/09/2023 Books
© Designed and Maintained by Vivekananda Library, MDU Rohtak